| 000 | 00621nab a2200205 a 4500 | ||
|---|---|---|---|
| 005 | 20210219160844.0 | ||
| 008 | 991125s1985 mx 000 0 spa u | ||
| 035 | _aUPN01000173835 | ||
| 100 | 1 | _aHernández López, Fernando | |
| 222 | _aEDUCACION 2001 | ||
| 245 | _aFormación docente : la realidad de la práctica : expresión de los estudiantes normalistas, segunda de dos partes | ||
| 260 | _aMéxico | ||
| 300 | _a54-60 | ||
| 362 | 0 | _a2009 No. 165, feb. | |
| 653 | 0 | _aPRACTICA DOCENTE | |
| 653 | 0 | _aACTUALIZACION DOCENTE | |
| 653 | 0 | _aEDUCACION NORMAL | |
| 653 | 0 | _aCALIDAD EDUCATIVA | |
| 905 | _aArticulo | ||
| 999 |
_c145939 _d145939 |
||